00189nam a2200073Ia 4500008004100000100002200041245003000063260002200093190216s9999||||xx |||||||||||||| ||und|| aPrabhakara Varier 0aAdunika Bhasha Shashthram bKerala Basha Inst